Out Of The Woods lyrics - Statistics

General Stats
  • This quiz has been taken 415 times
  • The average score is 362 of 386
Answer Stats
Lyrics % Correct
a
100%
I
100%
Are
99%
in
99%
In
99%
of
99%
out
99%
out,
99%
the
99%
The
99%
woods
99%
woods?
99%
We
98%
we
98%
clear
97%
You
97%
you
97%
to
96%
yet?
96%
yet,
96%
at
95%
so
95%
Looking
94%
looking
94%
me
94%
me,
94%
remember
94%
Remember
94%
too
94%
was
94%
when
94%
When
94%
and
93%
And
93%
were
93%
but
91%
But
91%
could
91%
hospital
91%
sun
91%
Baby,
90%
baby,
90%
be
90%
came
90%
it
90%
room
90%
soon?
90%
then
90%
Twenty
90%
up,
90%
did
89%
now,
89%
Oh,
89%
oh
89%
hit
88%
thinking
88%
all
87%
crying,
87%
just
87%
on
87%
started
87%
couldn't
86%
simple
86%
monsters
85%
stitches
85%
your
85%
seems
84%
take
84%
trees
84%
free"
83%
took
83%
turned
83%
us,
83%
heat?
82%
back
81%
flying,
81%
flying
81%
good
81%
Polaroid
81%
Two
81%
black
80%
color
80%
like
80%
lying
80%
my
80%
said,
80%
white,
80%
airplanes
79%
chance
79%
dance
79%
fall
78%
screaming
78%
world
78%
brakes
77%
decided,
77%
decided
77%
furniture
77%
move
77%
apart
76%
couch,
76%
forget
76%
neck
76%
paper
76%
together
76%
walked
76%
night
75%
rest
75%
stood
75%
setting
74%
from
73%
"I'm
73%
hanging
72%
quite
72%
discovered
69%
December,
65%
last
65%
built
63%
necklace
59%
No matching quizzes found
Score Distribution
Percent of People with Each Score
Percentile by Number Answered
Your Score History
You have not taken this quiz